000 01304nam a2200373 i 4500
001 197997
003 ES-MaACL
005 20260214063020.0
007 ta
008 251203s2023 sp a | |||| 000 1 spa
017 _aSA 234-2023
_bOficina Depósito Legal Cantabria
020 _a978-84-126186-5-5
040 _aSpMaBN
_bspa
_cSpMaBN
_erda
080 _a821.134.2-31"19"
100 1 _aCastro Masaveu, Martín
_4aut
_9242580
_eaut
245 1 0 _aOrzaria :
_bel origen de lo inexplicable /
_cMartín Castro Masaveu
250 _aPrimera edición: junio, 2023
264 1 _aTorrelavega :
_bEditorial Titanium,
_c2023
264 4 _c©2023
300 _a390 páginas ;
_c23 cm
336 _aTexto
_2rdacontent
337 _asin mediación
_2rdamedia
338 _avolumen
_2rdacarrier
500 _aEjemplar firmado y dedicado por el autor
500 _aÍndice
655 4 _aNovelas de ciencia ficción
_9237727
852 _aES-MaACL
_cDEPO1
_jA-15930
_gDedicatoria autógrafa del autor
_hDonación: Martín Castro Masaveu
_xEncuadernación rústica con solapas
_9207062
901 _a"ISBN"
942 _cMONOGRAFIA
_n0
956 _a2
999 _c197997
_d197997